[Event "Mitropa Cup 15th"]
[Site "Bad Woerishofen"]
[Date "1993.??.??"]
[Round "?"]
[White "Braga, Fernando Alberto"]
[Black "Schlosser, Philipp"]
[Result "1-0"]
[WhiteElo "2435"]
[BlackElo "2520"]
[Annotator "Blatny,P"]
[PlyCount "65"]
[EventDate "1993.01.17"]
[EventType "team-tourn"]
[EventRounds "7"]
[EventCountry "GER"]
[SourceTitle "CBM 034"]
[Source "ChessBase"]
[SourceDate "1993.06.01"]
[SourceVersion "1"]
[SourceVersionDate "1993.06.01"]
[SourceQuality "1"]

1. e4 c5 2. Nf3 Nc6 3. c3 d5 4. exd5 Qxd5 5. d4 Nf6 6. Be2 cxd4 (6... e6 7. O-O
(7. Na3 Qd8 8. Nc2 b6 9. Bb5 Bd7 10. Qe2 cxd4 11. Ncxd4 Nxd4 12. Nxd4 Bc5 $10 {
Sveshnikov-Dorfman, USSR 1979}) 7... Be7 8. dxc5 Qxc5 9. Be3 Qf5 10. Bd3 Qh5
11. Be2 Qf5 12. Nd4 Nxd4 13. Bxd4 O-O {/\Rd8 =}) 7. cxd4 e6 8. Nc3 (8. O-O Be7
9. Nc3 Qd8 (9... Qa5 10. Bb5 O-O 11. Ne5 Nb4 12. Qe2 a6 13. Bc4 Qd8 14. a3 Nbd5
15. Rd1 $14) 10. Bf4 (10. Bg5 O-O 11. Qd2 b6 12. Rfd1 Nb4 13. Ne5 Bb7 14. Rac1
Nfd5 15. Bxe7 Nxe7 $10 {Bjelajac-Gheorghiu, Novi Sad 1982}) 10... O-O 11. Rc1
Nb4 (11... b6 12. Nb5 Nd5 13. Bg3 Bb7 14. Ne5 {Handoko-Timman, Indonesia 1983
- Alapin diskette}) 12. Be5 Bd7 13. a3 Nbd5 {+/=/= Tal Ricardi, Buenos Aires
1991}) 8... Qd6 9. O-O Be7 10. Nb5 Qd8 (10... Qb8 11. g3 Nd5 12. Bc4 a6 13.
Bxd5 axb5 $13) 11. Ne5 (11. Bf4 Nd5 12. Bg3 O-O 13. Bc4 a6 14. Bxd5 axb5 15.
Bb3 Bd6 16. Be5 {Boey-Barlov, Liege 1981}) 11... O-O $6 (11... Nb4 $5 {/\Nbd5})
(11... Nxe5 12. dxe5 Nd5 13. Bf3 $14) 12. Nxc6 bxc6 13. Nc3 Nd5 14. Na4 {
+/=/+/-} Bf6 15. Bf3 (15. b3 $5 {/\Ba3,Rc1}) 15... Rb8 (15... Ne7 $142 16. Be3
Ba6 17. Re1 Bc4 $1 {/\Bd5+/=}) 16. b3 $1 Ba6 17. Re1 Bb5 18. Nc5 $8 Nc3 19. Qc2
Bxd4 $2 (19... Qxd4 $5 20. Be3 Qd8 21. Rac1 {/\Ne4~/=}) 20. Bb2 $1 Bxc5 21.
Qxc3 Qf6 $8 22. Qxf6 gxf6 23. Bxf6 $16 Ba3 $6 {(+)} (23... Rfc8 24. Re4 Bd3 25.
Rg4+ Bg6 26. h4 Kf8 27. Rc4 $16) 24. Re3 $1 Rfc8 25. Be4 Rb7 26. Rg3+ Kf8 27.
Bxh7 $18 Ke8 28. Rd1 Bf8 (28... Rd7 $4 29. Rg8+ Bf8 30. Rxf8+ Kxf8 31. Rxd7 $18
) 29. Rg8 c5 30. h4 Rd7 31. Rxd7 Kxd7 32. Rxf8 $1 Rxf8 33. h5 {34.h6,35.Bc2,36.
h7,38.h8Q} 1-0

[Event "New York CITS"]
[Site "New York"]
[Date "1996.??.??"]
[Round "8"]
[White "Adams, Michael"]
[Black "Benjamin, Joel"]
[Result "1-0"]
[WhiteElo "2660"]
[BlackElo "2570"]
[Annotator "Blatny,P"]
[PlyCount "53"]
[EventDate "1996.03.??"]
[EventType "tourn"]
[EventRounds "11"]
[EventCountry "USA"]
[EventCategory "13"]
[SourceTitle "CBM 052"]
[Source "ChessBase"]
[SourceDate "1996.06.01"]
[SourceVersion "1"]
[SourceVersionDate "1996.06.01"]
[SourceQuality "1"]

1. e4 {Ftacnik King} c5 2. Nf3 e6 3. c3 Nf6 4. e5 Nd5 5. d4 cxd4 6. cxd4 b6 7.
Bc4 (7. Nc3 Nxc3 8. bxc3 Qc7 9. Bd2 Bb7 10. Bd3 d6 11. O-O Nd7 12. Bf4 $14 {
1/2-1/2 Gurieli,N-Timmer,R/Baden Baden op (07) ;GER 04 1991}) 7... Ba6 (7...
Bb7 8. O-O Be7 9. a3 O-O 10. Qd3 d6 11. Re1 dxe5 12. Nxe5 Nd7 13. Bb3 Nxe5 14.
dxe5 Bc5 15. Bc2 $36 {1/2-1/2 Karaklajic,N-Panzalovic,S/JUG-ch (09) ;TD 91\07
1991}) 8. Bxa6 (8. Bxd5 exd5 9. a3 Be7 10. Nc3 O-O 11. Ne2 d6 12. O-O dxe5 13.
Nxe5 $14 {Petschar,K-Plachetka,J/Oberwart op ;TD 91\08 1991/1/2-1/2 (42)}) 8...
Nxa6 9. O-O Be7 10. Nbd2 (10. a3 Nac7 11. Nbd2 O-O 12. Ne4 f5 13. exf6 Nxf6 14.
Qd3 Nxe4 15. Qxe4 Nd5 16. Bd2 Bf6 17. Rac1 Qe7 $13 {1-0 Hermann,Man-Vetter,H/
BL 8182 (1982) ;BL 1982}) 10... O-O (10... f5 11. exf6 Nxf6 12. Nc4 Nb4 13. Bg5
O-O 14. Ne3 Nfd5 $13 {Jeric,S-Farago,S/Budapest ExpFS AugGM (08) ;EXP 37 1993/
0-1 (50)}) (10... Qc7 11. Ne4 h6 12. Ne1 O-O 13. f4 f5 $132 {Kaber,C-Link,M/
Neuwied op (06) ;GER 09 1993/0-1 (41)}) 11. Ne4 Nac7 12. Bg5 f6 13. exf6 Nxf6
14. Bxf6 gxf6 15. Rc1 d5 (15... Nd5 $5) 16. Ng3 Qd7 17. Nh4 Bd6 18. f4 {/\f5}
f5 19. Nh5 Qf7 20. Rf3 {King: White's forces are beautifully coordinated, and
he has sufficient space in which to manoeuvre. In the end Black is unable to
meet all the threats to his position, particularly as his king is chronically
weak (insufficient pawn cover).} Kh8 21. Rh3 Rg8 22. Nf3 Qe7 23. Qe2 Ne8 24.
Rc6 Qd7 (24... Rd8 25. Ng5 Bxf4 26. Nxh7 Bh6 27. Rxe6 $40) 25. Ne5 Qe7 $2 {[#]}
(25... Qb7 $142) 26. Rxd6 $1 Nxd6 (26... Qxd6 {Ftacnik} 27. Nf7#) 27. Nc6 (27.
Nc6 Qf8 (27... Qd7 {Ftacnik} 28. Qe5+ Rg7 29. Nxg7 Nc4 30. Qxe6 Qxg7 31. Rg3
$18) 28. Qe5+ Rg7 29. Nf6 Nc4 30. Nxh7 {/\Nf6}) 1-0

[Event "Hoogovens op"]
[Site "Wijk aan Zee"]
[Date "1993.01.??"]
[Round "8"]
[White "Schmittdiel, Eckhard"]
[Black "Grooten, Herman"]
[Result "1-0"]
[WhiteElo "2450"]
[BlackElo "2410"]
[Annotator "Blatny,P"]
[PlyCount "51"]
[EventDate "1993.01.??"]
[EventType "swiss"]
[EventRounds "12"]
[EventCountry "NED"]
[SourceTitle "CBM 034"]
[Source "ChessBase"]
[SourceDate "1993.06.01"]
[SourceVersion "1"]
[SourceVersionDate "1993.06.01"]
[SourceQuality "1"]

1. e4 c5 2. c3 b6 3. d4 Bb7 4. Bd3 (4. Nd2 cxd4 5. cxd4 Nf6 6. Bd3 Nc6 7. Ngf3
(7. Ne2 e5 8. d5 Nb4 9. Bb1 Bc5 10. O-O a5 11. Nb3 Na6 $13 {Buljovic-Deze,
Novi Sad 1976}) (7. Qa4 e5 8. Ngf3 exd4 9. Nxd4 Nxd4 10. Qxd4 Qc7 11. Nb3 Bd6
12. h3 O-O 13. O-O Rfe8 14. f3 Bh2+ 15. Kh1 Nh5 {Buljovic-Deze, Novi Sad 1975})
7... Nb4 8. Bc4 b5 (8... Nxe4 9. Nxe4 Bxe4 10. Bxf7+ Kxf7 11. Ng5+ $40) 9. Bxb5
Qa5 $40 {Handoko-Miles, Sydney 1991}) 4... Nf6 (4... e6 5. Nf3 Nf6 6. Qe2 {[+]}
) 5. Nd2 (5. Qe2 cxd4 6. cxd4 Nc6 7. Nf3 Nb4 8. Nc3 {Stean}) 5... cxd4 6. cxd4
Nc6 7. Ne2 Nb4 8. Bb1 Ba6 9. Nf3 Qc7 10. Nc3 e6 11. a3 Nc6 12. Bg5 Nh5 (12...
Be7) 13. d5 Na5 (13... exd5 14. Nxd5 Qd6 15. g4 h6 16. Be3 Nf6 17. Bf4 $18) 14.
e5 h6 (14... exd5 15. Nxd5 {/\Be4(f5),Rc1->}) 15. Be3 g5 16. d6 Qd8 17. Nd4 Nf4
(17... Ng7 18. Ne4) 18. Be4 Nc4 (18... Rc8 19. g3 $18) 19. Bxf4 gxf4 20. Nxe6
$1 $18 Qh4 (20... fxe6 21. Bg6#) (20... dxe6 21. Bc6+ $18) 21. Nc7+ Kd8 22.
Nxa8 f5 23. Qa4 fxe4 24. Qxa6 Nxb2 (24... e3 25. O-O-O $18) 25. Nxe4 Bg7 26.
Rc1 (26. Rc1 Ke8 $8 27. Rc8+ Kf7 28. Rxh8 Bxh8 29. Qb5 $18) 1-0

[Event "Lazne Bohdanec"]
[Site "Lazne Bohdanec"]
[Date "1995.??.??"]
[Round "10"]
[White "Blatny, Pavel"]
[Black "Votava, Jan"]
[Result "0-1"]
[WhiteElo "2485"]
[BlackElo "2395"]
[Annotator "Blatny,P"]
[PlyCount "68"]
[EventDate "1995.01.??"]
[EventType "tourn"]
[EventRounds "11"]
[EventCountry "CZE"]
[EventCategory "10"]
[SourceTitle "CBM 045"]
[Source "ChessBase"]
[SourceDate "1995.04.01"]
[SourceVersion "1"]
[SourceVersionDate "1995.04.01"]
[SourceQuality "1"]

1. e4 {Ftacnik} c5 2. c3 d5 3. exd5 Qxd5 4. d4 Nf6 5. Nf3 e6 6. Na3 Qd8 7. Bf4
Nbd7 8. Nc4 (8. Nb5 Nd5 {><c7}) 8... Nd5 9. Bg3 $146 (9. Bd6 $13 {Blatny,
P-Votava,J/2BLN 9293/1993/}) 9... Be7 10. Ne3 $1 (10. Nd6+ $6 Bxd6 11. Bxd6 Qb6
12. dxc5 Qxb2 13. Rc1 Nxc3 14. Qc2 Qxc2 15. Rxc2 Nd5 $17) 10... O-O (10... Nxe3
11. fxe3 {/\Bd3,Qc2,0-0,Rae1->}) 11. Nxd5 exd5 12. Be2 Qb6 13. Qc2 $14 f5 $6 {
גa2-g8} (13... Nf6 {Ftacnik} 14. O-O Bg4 $13) 14. dxc5 Nxc5 15. Be5 f4 16. b4
$6 (16. O-O $142 Bf5 17. Qd2 $14) (16. Nd4 Nd7 $1) 16... Ne4 17. Bd4 Qg6 18.
Ne5 (18. O-O $4 Bh3 19. Ne1 f3 $1 $19 (19... f3 $1 {Ftacnik} 20. Bxf3 Rxf3 $19)
) (18. Rg1 {עe1}) (18. O-O-O $142 Qxg2 $140 $4 19. Rdg1 Qh3 20. Rxg7+ $18)
18... Qxg2 19. O-O-O Qh3 $1 20. f3 Nd6 21. Bf1 Qh5 22. Qb3 Be6 23. Bd3 Bf6 24.
Rde1 Rac8 25. Rhg1 Kh8 26. h4 $5 (26. Bg6 Qh3 $19 (26... hxg6 27. Nxg6+ Kg8 28.
Ne7+ Kh7 29. Bxf6 Rxf6 30. Nxc8 Bxc8 31. Re7 Rf7 $17)) 26... Nc4 27. Bg6 $2 (
27. Bxc4 $1 dxc4 28. Qc2 $44) 27... Qxe5 $3 (27... hxg6 28. Nxg6+ Kg8 29. Bxf6
(29. Nxf8 {Ftacnik} Bxd4 30. Nxe6 Na5 31. Qc2 Rxc3 32. Nxd4 Rxc2+ 33. Nxc2 $13)
29... Rxf6 30. Ne7+ Kf8 $1 31. Nxc8 Bxc8 $19 {_|_}) 28. Rxe5 (28. Bxe5 $142
Nxe5 29. Bc2 Nxf3 (29... Bg8 $5 30. Rgf1 d4 $40) 30. Rxe6 Nxg1 31. Qxd5 f3 32.
Qd3 g6 33. Qf1 Ne2+ 34. Rxe2 $8 fxe2 35. Qxe2 Rxc3 36. Kb1 Rfc8 $19) 28... Nxe5
29. Bh5 (29. Bc2 Nxf3 30. Rg2 Bxd4 31. cxd4 Nxd4 (31... Ne1 32. Re2 Nxc2 33.
Rxc2 f3 34. Rxc8 Bxc8 $19) 32. Qd3 Nxc2 33. Rxc2 Rxc2+ 34. Qxc2 Rc8 $19) 29...
Nxf3 $1 30. Bxf6 (30. Bxf3 Bxd4 31. Re1 Rxc3+ 32. Qxc3 Bxc3 33. Rxe6 Bxb4 $19)
30... Nxg1 31. Be7 (31. Bd4 $142 f3 $1 (31... Nh3 32. Bf3) 32. Bxg1 f2 33. Bxf2
Rxf2 $19 {_|_}) 31... f3 32. Bxf8 f2 $19 33. Bxg7+ Kxg7 34. Qd1 Rf8 $1 (34...
Rf8 35. Qd4+ (35. Qf1 Bh3 $19) 35... Rf6 $19) 0-1

[Event "Mitropa Cup 15th"]
[Site "Bad Woerishofen"]
[Date "1993.??.??"]
[Round "?"]
[White "Sermek, Drazen"]
[Black "Wirthensohn, Heinz"]
[Result "0-1"]
[WhiteElo "2495"]
[BlackElo "2400"]
[Annotator "Blatny,P"]
[PlyCount "48"]
[EventDate "1993.01.17"]
[EventType "team-tourn"]
[EventRounds "7"]
[EventCountry "GER"]
[SourceTitle "CBM 034"]
[Source "ChessBase"]
[SourceDate "1993.06.01"]
[SourceVersion "1"]
[SourceVersionDate "1993.06.01"]
[SourceQuality "1"]

1. e4 c5 2. c3 d5 3. exd5 Qxd5 4. d4 Nf6 5. Nf3 Nc6 6. dxc5 (6. Be2 cxd4 (6...
e6 7. O-O Be7 8. dxc5 Qxc5 9. Be3 $14) 7. cxd4 e6 8. O-O Be7 9. Nc3 Qd8 10. Bf4
O-O $14) 6... Qxd1+ (6... Qxc5 7. Be3 (7. Na3 Ng4 8. Qe2 Bf5 9. h3 Bd3 10. Qxd3
Qxf2+ 11. Kd1 Rd8 12. Qxd8+ Kxd8 13. hxg4 $16 {Blatny-Wang-Zili, Thessaloniki
ol 1988}) 7... Qa5 8. Na3 Bg4 (8... Nd5 $5) 9. Qb3 O-O-O 10. Ng5 Nd4 11. Qc4+
Kb8 12. Bxd4 Qxg5 13. Nb5 $18 {Schmittdiel-Polgar,J, Dortmund 1990}) 7. Kxd1 e5
8. b4 Bf5 9. Bb5 O-O-O+ 10. Ke2 Be7 (10... Nd5 11. Bxc6 bxc6 12. Bd2 f6 $13 {
Blatny-Gross, CSSR ch 1988}) 11. Be3 Nd5 12. Bxc6 (12. Rc1 {/\Na3-c4}) 12...
bxc6 13. Nxe5 Rhe8 $5 {עe2} 14. Nxf7 $2 (14. Nxc6 $142 Bg4+ (14... Nxe3 $2 15.
fxe3 Bg4+ 16. Kf2 {/\Nd4+-}) 15. f3 (15. Kd2 Nxe3+ 16. Nxd8 (16. Kxe3 $4 Bg5#)
16... Nc4+ 17. Kd3 Ne5+ {/\Bxd8-/+ _|_}) 15... Rd7 16. fxg4 Bg5 $40) 14... Nxe3
15. Nxd8 (15. Kxe3 $4 Bg5+ 16. Kf3 Rd3#) (15. fxe3 Bg4+ 16. Kf2 Rf8 $19) 15...
Nc4 16. Nxc6 Bf6+ 17. Kd1 (17. Kf1 Bd3+ {/\Re1#}) (17. Kf3 Be4+ $19 {צa1,Nb1,
Pc3 _|_; -> עg3}) 17... Nb2+ $1 18. Kc1 (18. Kd2 Bg5+) 18... Nd3+ 19. Kc2 (19.
Kd1 Nxf2+) (19. Kd2 Bg5+ 20. Kc2 Nxb4+ $19) 19... Nxb4+ $19 {_|_} 20. Kb3 Nxc6
21. Na3 Re7 $1 {עb3} 22. Nb5 (22. Rhe1 Rb7+ 23. Kc4 (23. Ka4 Bxc3 {/\Rb4#})
23... Na5+ 24. Kd5 Rd7#) 22... Rb7 23. a4 a6 24. c4 Nd4+ (24... Bxa1 25. Rxa1
axb5 26. cxb5 {-/+/-+}) (24... Nd4+ 25. Ka2 axb5 26. cxb5 Nxb5 $1 $19) 0-1

[Event "Sochi"]
[Site "Sochi"]
[Date "1993.??.??"]
[Round "?"]
[White "Cherniaev, Alexander"]
[Black "Arkhipov, Sergey"]
[Result "1-0"]
[WhiteElo "2420"]
[BlackElo "2520"]
[Annotator "Blatny,P"]
[PlyCount "61"]
[EventDate "1993.09.??"]
[EventType "tourn"]
[EventRounds "13"]
[EventCountry "RUS"]
[EventCategory "10"]
[SourceTitle "CBM 038"]
[Source "ChessBase"]
[SourceDate "1994.02.01"]
[SourceVersion "1"]
[SourceVersionDate "1994.02.01"]
[SourceQuality "1"]

1. e4 c5 2. c3 b6 $6 3. d4 Bb7 4. f3 $5 $146 (4. Nd2 cxd4 5. cxd4 Nf6 6. Bd3
Nc6 7. Ngf3 Nb4 8. Bc4 (8. Bb1 $142 Ba6 9. Nf1 {/\a3+/=}) 8... b5 $5 9. Bxb5
Qa5 10. Bc4 Nxe4 11. O-O Nd6 $10 {Handoko,E-Miles,A/Sydney/1991/}) 4... e6 5.
Be3 Nc6 6. a3 $5 {><b4} Nh6 (6... d5 7. e5 f6 $1 8. f4 Nh6 9. Nf3 Nf5 10. Bf2
cxd4 11. cxd4 fxe5 12. fxe5 Be7 $13) 7. Bd3 f5 8. Nh3 fxe4 9. fxe4 $14 Qh4+ (
9... Nf7 10. O-O $40 {<->f}) 10. Nf2 (10. Bf2 $6 Qg4 $1 $10) 10... Bd6 11. g3
Qe7 12. Nd2 Nf7 (12... O-O-O $142 13. b4 $5 cxd4 14. cxd4 Bc7 15. Rc1 $14) 13.
Qe2 O-O 14. e5 Bc7 15. Nfe4 Bxe5 (15... cxd4 16. cxd4 b5 $5 {/\Bb6~/=} 17. O-O
{/\Nf6->}) 16. dxe5 Nfxe5 17. Bc2 d5 18. Bg5 $1 Qd7 19. O-O-O $5 (19. Nf2 Nf7
20. h4 e5 $44 21. Qd3 $140 e4 (21... g6 22. Nde4 Nxg5 23. hxg5 c4 24. Qd2 {
/\Nf6+-}) 22. Ndxe4 Qe6 23. O-O $40) 19... dxe4 20. Nxe4 Qc7 21. Nd6 $6 (21.
Bf4 $142 {/\Ng5+-} h6 (21... Rxf4 22. gxf4 Ng6 23. Nd6 Nd4 (23... Nxf4 24. Qe4
$18) 24. Rxd4 $1 cxd4 (24... Bxh1 25. Qxe6+ Kf8 (25... Kh8 26. Nf7+ Qxf7 27.
Qxf7 cxd4 28. cxd4 $18 {_|_}) 26. Qf5+ Kg8 27. Bb3+ $18) 25. Qxe6+ Kh8 (25...
Kf8 26. Re1 $18) 26. Bxg6 hxg6 27. Nf7+ $18) 22. Nd6 Nf7 23. Qe4 $1 Rfd8 24.
Qh7+ Kf8 25. Nf5 $18) 21... Nf7 22. Bf4 e5 23. Qh5 g6 (23... h6 24. Qg6 $1 Nxd6
25. Rxd6 $1 exf4 26. Qh7+ Kf7 27. Bb3+ Ke8 (27... Ke7 28. Qe4+ Kxd6 29. Qe6#)
28. Re1+ {/\Qg6#}) 24. Bxg6 Nxd6 25. Rxd6 exf4 26. gxf4 Rf7 $2 (26... Kh8 27.
Bxh7 Qxh7 28. Rh6 Rf7 29. Rg1 Rg8 30. Rxh7+ Rxh7 31. Rxg8+ Kxg8 32. Qe8+ Kg7
33. f5 $1 Na5 34. Qe5+ Kf7 35. Qc7+ Kg8 36. Qb8+ Kf7 37. b4 $18) (26... Rad8
$142 $1 27. Bxh7+ Qxh7 28. Rg1+ Kh8 29. Rh6 Rd7 30. f5 $140 Ne5 (30... Na5 $5)
31. f6 Nd3+ 32. Kb1 Be4 $13) 27. Bxf7+ Qxf7 28. Rg1+ $18 Kf8 29. Qh6+ Ke8 30.
Re1+ Ne7 31. Rde6 (31. Rf6 $1 Qg8 32. Rfe6 $18) 1-0

[Event "WchT 3rd"]
[Site "Luzern"]
[Date "1993.??.??"]
[Round "1.1"]
[White "Ivanchuk, Vassily"]
[Black "Petursson, Margeir"]
[Result "1-0"]
[WhiteElo "2705"]
[BlackElo "2560"]
[Annotator "Blatny,P"]
[PlyCount "71"]
[EventDate "1993.10.24"]
[EventType "team-tourn"]
[EventRounds "9"]
[EventCountry "SUI"]
[SourceTitle "CBM 038"]
[Source "ChessBase"]
[SourceDate "1994.02.01"]
[SourceVersion "1"]
[SourceVersionDate "1994.02.01"]
[SourceQuality "1"]
[WhiteTeam "Ukraine"]
[BlackTeam "Iceland"]
[WhiteTeamCountry "UKR"]
[BlackTeamCountry "ISL"]

1. e4 c5 2. Nf3 Nc6 3. c3 d5 4. exd5 Qxd5 5. d4 Nf6 6. Be2 e6 (6... Bg4 $5 {
--> Alapin disk}) 7. O-O Be7 (7... cxd4 $142 8. cxd4 Be7 9. Nc3 Qd6 $13) 8. c4
Qd8 (8... Qh5 $6 9. Ne5 Qh4 10. Nxc6 bxc6 11. Bf3 (11. Qa4 Bb7 12. g3 $5 Qxd4
13. Rd1 Qe5 (13... Qe4 $6 14. Nc3 Qg6 15. Bf3 $14) 14. Bf3 Qc7 15. Bf4 Qb6 16.
Nc3 $44) 11... Bb7 12. Qa4 $14) 9. dxc5 Qxd1 10. Rxd1 Ne4 11. Be3 Nb4 $6 (11...
Bxc5 12. Bxc5 Nxc5 13. Nc3 $14) (11... Bf6 12. Nd4 Nxd4 13. Bxd4 Bxd4 14. Rxd4
Nxc5 15. Nc3 {/\Rad1,b4,Nb5 +/=/+/- _|_}) 12. Nbd2 Nxc5 13. Nd4 a5 (13... O-O
$2 14. a3 Nba6 (14... Nbd3 $4 15. b4) 15. b4 $16) 14. a3 Nba6 15. b4 $1 Na4 16.
Rdc1 O-O (16... axb4 17. axb4 Nxb4 18. c5 $1 (18. Nb5 O-O 19. Bd1 Nd3 $1 20.
Rcb1 Ndb2 $13) 18... Bd7 19. Rc4 e5 $8 20. Nf5 $1 Bxf5 (20... Nd5 21. Nxg7+ Kd8
22. Bh6 $36) 21. Rxb4 Bd7 $8 22. Rxb7 {/\Rxd7,Bb5+} Bc6 23. Rc7 Nc3 $8 24.
Rxa8+ Bxa8 25. Bc4 $16) 17. c5 e5 18. N4b3 $16 f5 19. g3 Rd8 (19... f4 20. gxf4
exf4 21. Bd4 {/\Bb5 +/-/+-}) 20. Bb5 $1 Nb2 21. Nxa5 f4 $5 $8 22. gxf4 exf4 23.
Bxf4 Nxc5 24. Rc2 Ne6 25. Be3 Bf6 26. Rb1 Nd3 27. Ne4 $18 {_|_} Nef4 28. f3 Be6
29. Rd1 Nh3+ 30. Kf1 Ne5 31. Nxf6+ gxf6 32. Rxd8+ Rxd8 33. Be2 b5 34. Nc6 $1
Ra8 35. Nxe5 fxe5 36. Rc3 1-0

[Event "Maribor Pirc Memorial"]
[Site "Maribor"]
[Date "1993.??.??"]
[Round "?"]
[White "Sermek, Drazen"]
[Black "Kozul, Zdenko"]
[Result "0-1"]
[WhiteElo "2495"]
[BlackElo "2550"]
[Annotator "Blatny,P"]
[PlyCount "78"]
[EventDate "1993.02.??"]
[EventType "tourn"]
[EventRounds "9"]
[EventCountry "SLO"]
[EventCategory "8"]
[SourceTitle "CBM 036"]
[Source "ChessBase"]
[SourceDate "1993.10.01"]
[SourceVersion "1"]
[SourceVersionDate "1993.10.01"]
[SourceQuality "1"]

1. e4 c5 2. c3 Nf6 3. e5 Nd5 4. d4 cxd4 5. Nf3 Nc6 6. Bc4 e6 7. cxd4 d6 8. O-O
(8. Qe2 $142 {/\Nc3}) 8... Be7 9. Qe2 O-O 10. Qe4 (10. Nc3 Nxc3 11. bxc3 dxe5
12. dxe5 Qc7 13. Bd3 $13) 10... Qc7 (10... dxe5 $6 11. dxe5 Nb6 12. Bd3 g6 13.
Rd1 Qc7 14. Nc3 $16 {פb6,Bc8}) 11. Bd3 g6 12. Bh6 Rd8 13. Nbd2 dxe5 14. dxe5
Nb6 15. Rac1 (15. Rad1 Nd7 16. Nc4 Nc5 17. Qe2 Nxd3 18. Rxd3 Rxd3 19. Qxd3 b5
$17) 15... Nd7 16. Bb5 (16. Rfe1 $4 Nc5 $19) 16... Ndxe5 17. Nxe5 Qxe5 18. Bxc6
Qh5 19. Bxb7 (19. Bf4 bxc6 20. Qxc6 Bd7 21. Qe4 $13) 19... Bxb7 20. Qxb7 Qxh6 (
20... Bd6 21. g3 Qxh6 22. Nc4 $14) 21. Ne4 $6 (21. Qxe7 $142 {B>N _|_} Rxd2 22.
Rc7 $10 {_|_}) 21... Qf8 $1 22. Rc7 (22. Rc2 Rab8 23. Qxa7 (23. Qa6 Rb4) 23...
Ra8 24. Qe3 Rxa2 $15) 22... Rdb8 23. Qc6 Rc8 $1 24. Rd1 Rxc7 25. Qxc7 Rd8 26.
Rxd8 (26. Rc1 $5) 26... Qxd8 27. Qxd8+ (27. Qc2 $142 $15) 27... Bxd8 28. b4 $2
(28. Kf1 $142 {=/+/-/+ _|_}) 28... f5 $1 29. Nd2 e5 30. Nc4 Bc7 31. a4 $6 (31.
Kf1 Kf7 32. Ke2 Ke6 {/\Kd5}) 31... Kf7 32. b5 Ke6 33. a5 Bb8 $1 $19 {_|_} 34.
Ne3 (34. a6 Kd5 35. Na5 Bc7 36. Nc6 Bb6 37. Kf1 e4 $19) (34. b6 a6 $1 {/\Kd5-+
קa5,b6}) 34... Kd6 35. g4 f4 36. Nd1 Kc5 37. b6 a6 38. Nc3 Kb4 39. Nd5+ Kxa5
0-1

[Event "Mitropa Cup 16th"]
[Site "Buekfuerdo"]
[Date "1995.??.??"]
[Round "9"]
[White "Van der Werf, Mark"]
[Black "Manik, Mikulas"]
[Result "1-0"]
[WhiteElo "2415"]
[BlackElo "2380"]
[Annotator "Blatny,P"]
[PlyCount "61"]
[EventDate "1995.02.27"]
[EventType "team-tourn"]
[EventRounds "9"]
[EventCountry "HUN"]
[SourceTitle "CBM 046 Extra"]
[Source "ChessBase"]
[SourceDate "1995.07.01"]
[SourceVersion "1"]
[SourceVersionDate "1995.07.01"]
[SourceQuality "1"]

1. e4 c5 2. c3 d5 3. exd5 Qxd5 4. d4 e6 5. Nf3 Nf6 6. Bd3 (6. Be3 cxd4 7. cxd4
Nc6 8. Nc3 Qd6 9. Bd3 Be7 10. Qe2 O-O 11. Rd1 b6 12. Bb1 $36 {ChessBase:
Alapin diskette}) 6... Be7 (6... Nc6 7. Be3 {/\dc5}) 7. O-O (7. Be3 $5 cxd4 8.
cxd4 Nc6 9. Nc3 Qd6 10. Qe2 $5) 7... O-O 8. Be3 {/\dc} cxd4 (8... Nc6 9. dxc5
Rd8 10. Bc2 Bxc5 11. Qxd5 Rxd5 12. Bb3 $14) 9. cxd4 {Typical isolated pawn} Nc6
10. Nc3 Qd6 (10... Qd8 {/\a6,b5,Bb7}) 11. a3 (11. Qe2 Nb4 12. Bb1 {/\a3}) 11...
b6 (11... a6 $5) 12. Qe2 (12. Bc2 Bb7 13. Qd3 {/\->>>}) 12... Bb7 13. Rad1 (13.
Rac1 {/\Rfd1} Rac8 14. Rfd1 Rfd8 15. Bb1 g6 {/\Bf8-g7}) 13... Rac8 14. Rfe1 Nd5
{/\Bf6} 15. Ne4 Qb8 {/\Rfd8} 16. Bb1 Rfd8 17. Bc1 g6 (17... Bf8 18. Neg5 g6 19.
Nxf7 Kxf7 20. Ng5+ $40) 18. Nfg5 Nf4 (18... Bf8 19. Nxf7 Kxf7 20. Ng5+ $40) (
18... Nf6 $5) 19. Qg4 Bxg5 (19... Nd5 20. Qh3 h5 21. Nxe6 fxe6 22. Qxe6+ $18)
20. Qxg5 Nxd4 (20... Nd5 {/\Nce7}) 21. Rxd4 Ne2+ (21... Rxd4 22. Bxf4 $18) 22.
Rxe2 Rxd4 23. Re1 $18 Bxe4 24. Bxe4 Rc5 25. Qe3 Qd6 26. Bf3 e5 27. h4 Rc2 28.
Qb3 Qc7 29. Bh6 e4 30. Qe3 Rdc4 31. Bxe4 (31. Bxe4 {/\ב8}) 1-0

[Event "Mitropa Cup 15th"]
[Site "Bad Woerishofen"]
[Date "1993.??.??"]
[Round "?"]
[White "Van Mil, Johan"]
[Black "Borgo, Giulio"]
[Result "1-0"]
[WhiteElo "2435"]
[BlackElo "2365"]
[Annotator "Blatny,P"]
[PlyCount "83"]
[EventDate "1993.01.17"]
[EventType "team-tourn"]
[EventRounds "7"]
[EventCountry "GER"]
[SourceTitle "CBM 034"]
[Source "ChessBase"]
[SourceDate "1993.06.01"]
[SourceVersion "1"]
[SourceVersionDate "1993.06.01"]
[SourceQuality "1"]

1. e4 c5 2. c3 Nf6 3. e5 Nd5 4. d4 cxd4 5. Nf3 e6 6. cxd4 d6 7. Bc4 Nb6 (7...
dxe5 8. dxe5 Nc6 9. O-O Nb6 10. Bd3 Nb4 11. Be4 Qxd1 12. Rxd1 f5 13. exf6 gxf6
14. Nc3 f5 15. Bb1 {/\a3 +/=/+/-} N4d5 $2 16. Nxd5 Nxd5 17. Bxf5 $1 exf5 18.
Rxd5 {+/-/+- _|_ Blatny-Fernandes, Debrecen ETCC 1992}) 8. Bd3 Bd7 9. O-O Bc6
10. Re1 N8d7 (10... Be7 $142 $5) 11. Ng5 $1 dxe5 (11... Be7 12. Qh5) 12. Nxe6
$5 fxe6 13. Qh5+ Ke7 (13... g6 $4 14. Bxg6+ hxg6 15. Qxg6+ Ke7 16. Bg5+ $18)
14. dxe5 (14. Bg5+ $6 Nf6 15. dxe5 Qxd3 16. exf6+ gxf6 17. Bxf6+ $8 Kxf6 18.
Qe5+ Kf7 19. Qxe6+ Kg7 20. Qe5+ $10) 14... g6 15. Bxg6 (15. Bg5+ Kf7 16. Qh4
Be7 $19) 15... hxg6 16. Qxh8 (16. Qxg6 $2 Nxe5 $1 (16... Bh6 17. Bxh6 Qg8 18.
Bg5+ Kf8 19. Bh6+ Rxh6 20. Qxh6+ Ke8 $13) 17. Bg5+ Kd7 18. Rxe5 Qe8 {/\Nd5,
Bd6-+}) 16... Kf7 17. Bh6 Bxh6 18. Qxh6 Qf8 19. Qh4 $13 Nd5 20. Nd2 Kg7 21. Nf3
Qf4 22. Qh3 (22. Qxf4 $2 Nxf4 $15) 22... Nc5 23. Rad1 Rh8 24. Qg3 Ne4 $4 (24...
Qxg3 25. hxg3 $13) 25. Qxf4 Nxf4 26. Rd4 $18 {_|_} g5 27. Rexe4 Bxe4 28. Rxe4
Kg6 29. g3 Kf5 30. Re3 (30. Rb4 $142 {/\Rxb7}) 30... Nd5 31. Nd4+ Kg6 32. Re4
Rc8 33. Kg2 (33. Nxe6 $4 Kf5) 33... Rc4 34. Kf3 Nc7 35. h4 gxh4 36. Rxh4 Rc5
37. Re4 Kf7 38. Ke2 Nd5 39. a3 Ne7 40. Kd3 a6 41. Rf4+ Ke8 42. Rf8+ $1 (42.
Rf8+ Kd7 43. Rd8+ Kxd8 44. Nxe6+ $18) 1-0